[Event "Bialystok Zamenhof Memorial-C 35th"]
[Site "Bialystok"]
[Date "2017.12.30"]
[Round "7.15"]
[White "Holupko, Daniil"]
[Black "Kojlo, Szymon"]
[Result "1/2-1/2"]
[WhiteElo "1838"]
[BlackElo "1472"]
[PlyCount "43"]
[EventDate "2017.12.27"]
[EventType "swiss"]
[EventRounds "9"]
[EventCountry "POL"]
[SourceTitle "EXT 2023"]
[Source "ChessBase"]
[SourceDate "2022.10.05"]
[SourceVersion "1"]
[SourceVersionDate "2022.10.05"]
[SourceQuality "1"]

1. e4 c6 2. d4 d5 3. Nc3 dxe4 4. Nxe4 Bf5 5. Ng3 Bg6 6. h4 h6 7. h5 Bh7 8. Nf3 Nf6 9. Bd3 Bxd3 10. Qxd3 e6 11. Bf4 Bd6 12. Be5 Bxe5 13. Nxe5 Nbd7 14. 0-0-0 Nxe5 15. dxe5 Qxd3 16. Rxd3 Nd5 17. Ne4 Ke7 18. c4 Nb6 19. b3 f6 20. f4 fxe5 21. fxe5 Nd7 22. Rg3 1/2-1/2

[Event "Bialystok Zamenhof Memorial-C 35th"]
[Site "Bialystok"]
[Date "2017.12.30"]
[Round "8.14"]
[White "Plichta, Krzysztof"]
[Black "Holupko, Daniil"]
[Result "0-1"]
[WhiteElo "1556"]
[BlackElo "1838"]
[PlyCount "62"]
[EventDate "2017.12.27"]
[EventType "swiss"]
[EventRounds "9"]
[EventCountry "POL"]
[SourceTitle "EXT 2023"]
[Source "ChessBase"]
[SourceDate "2022.10.05"]
[SourceVersion "1"]
[SourceVersionDate "2022.10.05"]
[SourceQuality "1"]

1. e4 c5 2. Nc3 Nc6 3. f4 g6 4. Nf3 Bg7 5. Bb5 Nd4 6. 0-0 e6 7. d3 Ne7 8. Nxd4 cxd4 9. Ne2 a6 10. Ba4 b5 11. Bb3 Bb7 12. Qe1 0-0 13. Ng3 f5 14. exf5 Nxf5 15. Nxf5 gxf5 16. a4 Kh8 17. axb5 axb5 18. Bd2 Rxa1 19. Qxa1 Rg8 20. g3 Qb6 21. Kf2 Qc6 22. Ke1 Qg2 23. Qd1 Qxh2 24. Qe2 Qxg3+ 25. Kd1 Qg4 26. Qxg4 fxg4 27. Bb4 Ra8 28. Ke2 h5 29. Kf2 h4 30. Kg1 g3 31. Be7 h3 0-1

[Event "Bialystok Zamenhof Memorial-C 35th"]
[Site "Bialystok"]
[Date "2017.12.28"]
[Round "3.16"]
[White "Holupko, Daniil"]
[Black "Kalkowski, Igor"]
[Result "0-1"]
[WhiteElo "1838"]
[BlackElo "1648"]
[PlyCount "112"]
[EventDate "2017.12.27"]
[EventType "swiss"]
[EventRounds "9"]
[EventCountry "POL"]
[SourceTitle "EXT 2023"]
[Source "ChessBase"]
[SourceDate "2022.10.05"]
[SourceVersion "1"]
[SourceVersionDate "2022.10.05"]
[SourceQuality "1"]

1. e4 c5 2. Nf3 g6 3. d4 cxd4 4. Nxd4 Nc6 5. Nc3 Bg7 6. Be3 Nf6 7. Nxc6 bxc6 8. e5 Ng8 9. Bd4 Qa5 10. e6 Nf6 11. exf7+ Kxf7 12. Bc4+ d5 13. Bb3 Ba6 14. Qd2 Rhe8 15. f4 e6 16. Na4 Qxd2+ 17. Kxd2 Ne4+ 18. Ke3 e5 19. fxe5 Bh6+ 20. Kf3 Kg8 21. g3 Rf8+ 22. Kg2 Be2 23. Rhe1 Bf3+ 24. Kg1 Ng5 25. h4 Ne4 26. Kh2 Nd2 27. c3 Bg4 28. Bd1 Bxd1 29. Rexd1 Rf3 30. Kg2 Rf7 31. Nc5 Re8 32. e6 Rc7 33. Re1 Bg7 34. Re2 Bxd4 35. cxd4 Nc4 36. Nd7 Kg7 37. Rf1 Nd6 38. g4 h6 39. h5 Re7 40. Rf6 gxh5 41. gxh5 Rc8 42. Rg6+ Kh7 43. Nf6+ Kh8 44. Rxh6+ Kg7 45. Rg6+ Kh8 46. h6 Nf5 47. h7 Nh4+ 48. Kg3 Nxg6 49. Kg4 Nf8 50. Kf5 Nxh7 51. Nxh7 Kxh7 52. Kf6 Rce8 53. Rh2+ Kg8 54. Rg2+ Kf8 55. Re2 Rf7+ 56. Kg6 Rf4 0-1